Casuística clínica que demuestra la independencia de las cámaras tubárica y ático-mastoidea del oído medio / (Record no. 54407)

MARC details
000 -LEADER
campo de control de longitud fija 00786nam a22001815i 4500
001 - NÚMERO DE CONTROL
campo de control 54407
003 - IDENTIFICADOR DE NÚMERO DE CONTROL
campo de control ES-MaACL
007 - CAMPO FIJO DE DESCRIPCIÓN FÍSICA--INFORMACIÓN GENERAL
campo de control de longitud fija t|
008 - DATOS DE LONGITUD FIJA--INFORMACIÓN GENERAL
campo de control de longitud fija 960721s1899 sp ||||1| spa d
040 ## - FUENTE DE CATALOGACIÓN
Centro catalogador/agencia de origen CAM
Lengua de catalogación spa
Centro/agencia transcriptor CAM
100 1# - ENTRADA PRINCIPAL--NOMBRE DE PERSONA
Nombre de persona Forns, Rafael María.
9 (RLIN) 51796
245 10 - MENCIÓN DEL TÍTULO
Título Casuística clínica que demuestra la independencia de las cámaras tubárica y ático-mastoidea del oído medio /
Mención de responsabilidad, etc. por el Dr. Forns.
260 ## - PUBLICACIÓN, DISTRIBUCIÓN, ETC.
Lugar de publicación, distribución, etc. Madrid :
Nombre del editor, distribuidor, etc. [s.n.],
Fecha de publicación, distribución, etc. 1899 (
Fabricante Establ. tipog. de los sucesores de Cuesta)
300 ## - DESCRIPCIÓN FÍSICA
Extensión 7 p. ;
Dimensiones 24 cm.
500 ## - NOTA GENERAL
Nota general Precede al título: Segundo Congreso Español de Oto-rino-laringología celebrado en Barcelona del 19 al 22 de setiembre de 1899.
711 2# - ENTRADA AGREGADA--NOMBRE DE REUNIÓN
Nombre de congreso/reunión o jurisdicción como elemento de entrada Congreso Español de Otorrinolaringología (
Número del congreso/reunión o número de parte o sección 2º.
Fecha del congreso o de la firma del tratado 1899.
Sede del congreso/Lugar de la reunión Barcelona)
9 (RLIN) 357
852 ## - LOCALIZACIÓN
Ubicación ES-MaACL
Número de control de estantería T-929-F-10
Holdings
Estatus retirado Estado de pérdida Estado de daño No para préstamo Colección Biblioteca de origen Biblioteca actual Ubicación en estantería Fecha de adquisición Fuente de adquisición Total de préstamos Signatura topográfica completa Código de barras Visto por última vez Precio de reemplazo Tipo de ítem Koha
        Colección de folletos Biblioteca del Ateneo de Madrid Biblioteca del Ateneo de Madrid Depósito folletos 17/01/2008     T-929-F-10 1057171 23/02/2023 23/02/2023 Folleto